Procedimiento en las reclamaciones económico-administrativas (Record no. 107675)
[ view plain ]
| 000 -CABECERA | |
|---|---|
| Campo de control de longitud fija | 00814nam#a2200193#c#4500 |
| 003 - IDENTIFICADOR DE NÚMERO DE CONTROL | |
| Campo de control | IEF |
| 005 - FECHA Y HORA DE LA ÚLTIMA TRANSACCIÓN | |
| Campo de control | 20250303182839.0 |
| 007 - CAMPO FIJO DE DESCRIPCIÓN FÍSICA - INFORMACIÓN GENERAL | |
| campo de control de longitud fija | ta |
| 008 - CAMPO FIJO DE DESCRIPCIÓN FIJA - INFORMACIÓN GENERAL | |
| Campo de control de longitud fija | 941205s1943 sp fr | 0||u|spa |u |
| 040 ## - FUENTE DE LA CATALOGACIÓN | |
| Centro catalogador de origen | ES-MaIEF |
| Lengua de catalogación | spa |
| Centro transcriptor | ES-MaIEF |
| 100 1# - ENCABEZAMIENTO PRINCIPAL - NOMBRE PERSONAL | |
| Nombre de persona | Fabregas del Pilar y Díaz de Cevallos, José María |
| 9 (RLIN) | 14894 |
| 245 10 - MENCIÓN DE TÍTULO | |
| Título | Procedimiento en las reclamaciones económico-administrativas |
| Parte restante del título | derecho procesal contencioso de las hHciendas públicas (estado, provincia y municipio) : (doctrina, legislación, jurisprudencia y formularios) |
| Mención de responsabilidad, etc. | José María Fábregas del Pilar y Díaz de Cevallos |
| 260 ## - PUBLICACIÓN, DISTRIBUCIÓN, ETC (PIE DE IMPRENTA) | |
| Lugar de publicación, distribución, etc. | Madrid |
| Nombre del editor, distribuidor, etc. | Instituto Editorial Reus |
| Fecha de publicación, distribución, etc. | 1943 |
| 300 ## - DESCRIPCIÓN FÍSICA | |
| Extensión | 680 p. |
| Dimensiones | 23 cm |
| 650 #4 - PUNTO DE ACCESO ADICIONAL DE MATERIA - TÉRMINO DE MATERIA | |
| Término de materia o nombre geográfico como elemento inicial | RECLAMACION ECONOMICO ADMINISTRATIVA |
| 9 (RLIN) | 48200 |
| 650 #4 - PUNTO DE ACCESO ADICIONAL DE MATERIA - TÉRMINO DE MATERIA | |
| Término de materia o nombre geográfico como elemento inicial | PROCEDIMIENTO ECONOMICO ADMINISTRATIVO |
| 9 (RLIN) | 48140 |
| 942 ## - ELEMENTOS KOHA | |
| Koha tipo de item | Libros |
| Suprimido | Perdido | Estropeado | No se presta | Localización (Biblioteca) | Fecha de adquisición | Koha signatura completa | Designación de pieza (código de barras) | Koha Fecha de último uso | Precio efectivo desde | Koha tipo de item |
|---|---|---|---|---|---|---|---|---|---|---|
| Disponible para préstamo | IEF | 1994-12-05 | 3075 | 3075 | 2018-02-19 | 2018-02-19 | Libros |